| 000 | 00585nam a22001937a 4500 | ||
|---|---|---|---|
| 005 | 20250707141751.0 | ||
| 010 | _aENG-145757 | ||
| 020 |
_a9789361590351 _c350.00 |
||
| 035 | _aEN-129289 | ||
| 037 | _bDBAD | ||
| 082 |
_a480 _21 |
||
| 100 |
_aSeth, Tanima _982674 |
||
| 245 |
_aNTA CUET UG 2025: _bEnglish Language Test/ _cTanima Seth |
||
| 250 | _a1 | ||
| 260 |
_aNoida _bPearson India Education _c2025 |
||
| 270 |
_a15th Floor, Towe-B, World Trade Tower, Plot No.1, Block-C, Sector-16 _bNoida _e201301 |
||
| 300 |
_avpp. _c23cm(pb) |
||
| 942 |
_2ddc _cEN _h480 _mSET |
||
| 999 |
_c212164 _d212164 |
||